[Event "FICGS rapid E 000046 email"]
[Site "FICGS email"]
[Date "2011.02.07"]
[Round "1"]
[White "Barradas, Anderson"]
[Black "Geguchadze, Alexander"]
[Result "0-1"]
[WhiteElo "1236"]
[BlackElo "1134"]
[PlyCount "42"]
[EventDate "2011.??.??"]
[EventType "tourn (rapid)"]
[EventRounds "6"]
[SourceTitle "Corr 2013"]
[Source "ChessBase"]
[SourceDate "2012.11.12"]
[SourceVersion "1"]
[SourceVersionDate "2012.11.12"]
[SourceQuality "1"]

1. e4 c5 2. Nf3 d6 3. d4 cxd4 4. Nxd4 Nf6 5. Nc3 Nc6 6. Bb5 Bd7 7. Bxc6 bxc6 8. Bf4 e5 9. Bxe5 dxe5 10. Nf3 Qa5 11. 0-0 Rb8 12. Rb1 Bb4 13. Qd3 Be6 14. a3 Bxc3 15. Qxc3 Qxc3 16. bxc3 Ke7 17. Rxb8 Rxb8 18. Nxe5 Kd6 19. Nf3 Nxe4 20. Rd1+ Kc5 21. Rd3 Rb1+ 0-1

[Event "FICGS rapid E 000046 email"]
[Site "FICGS email"]
[Date "2011.02.07"]
[Round "1"]
[White "Geguchadze, Alexander"]
[Black "Pech, Jaroslav Sr"]
[Result "1-0"]
[WhiteElo "1134"]
[BlackElo "1002"]
[PlyCount "23"]
[EventDate "2011.??.??"]
[EventType "tourn (rapid)"]
[EventRounds "6"]
[SourceTitle "Corr 2013"]
[Source "ChessBase"]
[SourceDate "2012.11.12"]
[SourceVersion "1"]
[SourceVersionDate "2012.11.12"]
[SourceQuality "1"]

1. e4 c5 2. Nf3 e6 3. d4 cxd4 4. Nxd4 a6 5. Nc3 Qc7 6. Be3 Bb4 7. Bd2 Nf6 8. Qe2 Nc6 9. Nxc6 bxc6 10. e5 Nd5 11. Nxd5 Bxd2+ 12. Qxd2 1-0

[Event "FICGS class F 000091 email"]
[Site "FICGS email"]
[Date "2011.01.30"]
[Round "1"]
[White "Geguchadze, Alexander"]
[Black "Melquiades, Jaime I"]
[Result "1-0"]
[WhiteElo "1134"]
[BlackElo "1041"]
[PlyCount "39"]
[EventDate "2011.??.??"]
[EventType "tourn (corr)"]
[EventRounds "5"]
[SourceTitle "Corr 2013"]
[Source "ChessBase"]
[SourceDate "2012.11.12"]
[SourceVersion "1"]
[SourceVersionDate "2012.11.12"]
[SourceQuality "1"]

1. e4 e5 2. Nf3 d6 3. d4 f5 4. exf5 Bxf5 5. dxe5 dxe5 6. Qxd8+ Kxd8 7. Nxe5 Bg6 8. Nxg6 hxg6 9. Bd3 Nf6 10. Bg5 Be7 11. Nc3 Ng4 12. Bxe7+ Kxe7 13. 0-0-0 Nxf2 14. Rhe1+ Kf6 15. Rf1 Nc6 16. Rxf2+ Ke6 17. Bc4+ Ke7 18. Re2+ Kf6 19. Rf1+ Kg5 20. Ne4+ 1-0

[Event "FICGS rapid E 000045 email"]
[Site "FICGS email"]
[Date "2011.01.30"]
[Round "1"]
[White "Geguchadze, Alexander"]
[Black "Neil, Charles"]
[Result "1-0"]
[WhiteElo "1134"]
[BlackElo "1119"]
[PlyCount "25"]
[EventDate "2011.??.??"]
[EventType "tourn (rapid)"]
[EventRounds "6"]
[SourceTitle "Corr 2013"]
[Source "ChessBase"]
[SourceDate "2012.11.12"]
[SourceVersion "1"]
[SourceVersionDate "2012.11.12"]
[SourceQuality "1"]

1. e4 c5 2. Nf3 Nc6 3. d4 cxd4 4. Nxd4 Nf6 5. Nc3 e6 6. Nxc6 bxc6 7. e5 Ng8 8. Qf3 Bb4 9. Bd2 Qc7 10. Qg3 Bf8 11. Ne4 Ne7 12. Nd6+ Kd8 13. Nxf7+ 1-0

[Event "FICGS class F 000091 email"]
[Site "FICGS email"]
[Date "2011.01.30"]
[Round "1"]
[White "Geguchadze, Alexander"]
[Black "Orden, Jorge"]
[Result "1-0"]
[WhiteElo "1134"]
[BlackElo "1068"]
[PlyCount "55"]
[EventDate "2011.??.??"]
[EventType "tourn (corr)"]
[EventRounds "5"]
[SourceTitle "Corr 2013"]
[Source "ChessBase"]
[SourceDate "2012.11.12"]
[SourceVersion "1"]
[SourceVersionDate "2012.11.12"]
[SourceQuality "1"]

1. e4 c5 2. Nf3 d6 3. d4 cxd4 4. Nxd4 Nf6 5. Nc3 a6 6. Be2 e6 7. a4 Be7 8. 0-0 0-0 9. f4 h6 10. Be3 Nc6 11. Bf3 Qc7 12. Qe1 e5 13. Nde2 b6 14. Rd1 Nb4 15. Rd2 Bb7 16. Qf2 Rad8 17. Bxb6 Qc4 18. Bxd8 Rxd8 19. Kh1 Bxe4 20. fxe5 dxe5 21. b3 Qc6 22. Bxe4 Nxe4 23. Rxd8+ Bxd8 24. Qxf7+ Kh7 25. Qf5+ Kg8 26. Nxe4 Bc7 27. Qf8+ Kh7 28. Rf7 1-0

[Event "FICGS class F 000091 email"]
[Site "FICGS email"]
[Date "2011.01.30"]
[Round "1"]
[White "Toro, Simone"]
[Black "Geguchadze, Alexander"]
[Result "0-1"]
[WhiteElo "1138"]
[BlackElo "1134"]
[PlyCount "32"]
[EventDate "2011.??.??"]
[EventType "tourn (corr)"]
[EventRounds "5"]
[SourceTitle "Corr 2013"]
[Source "ChessBase"]
[SourceDate "2012.11.12"]
[SourceVersion "1"]
[SourceVersionDate "2012.11.12"]
[SourceQuality "1"]

1. e4 c5 2. Nf3 e6 3. Bc4 d5 4. exd5 exd5 5. Be2 Nf6 6. d4 Nc6 7. 0-0 cxd4 8. Nxd4 Bc5 9. Bb5 Qb6 10. Bf4 Bxd4 11. Qe1+ Be6 12. Ba4 Qxb2 13. Bd6 Qxa1 14. Nc3 Qxe1 15. Rxe1 Bxc3 16. Re3 d4 0-1

[Event "FICGS rapid E 000045 email"]
[Site "FICGS email"]
[Date "2011.01.30"]
[Round "1"]
[White "Toro, Simone"]
[Black "Geguchadze, Alexander"]
[Result "0-1"]
[WhiteElo "1138"]
[BlackElo "1134"]
[PlyCount "28"]
[EventDate "2011.??.??"]
[EventType "tourn (rapid)"]
[EventRounds "6"]
[SourceTitle "Corr 2013"]
[Source "ChessBase"]
[SourceDate "2012.11.12"]
[SourceVersion "1"]
[SourceVersionDate "2012.11.12"]
[SourceQuality "1"]

1. e4 c5 2. Nf3 d6 3. Bc4 Nf6 4. Ng5 e6 5. d4 cxd4 6. Nf3 Nxe4 7. Qxd4 d5 8. Bf1 Nc6 9. Bb5 Qa5+ 10. Bd2 Qxb5 11. Qd3 Qxb2 12. Bc3 Nxc3 13. 0-0 Ne2+ 14. Kh1 Qxa1 0-1

[Event "FICGS rapid E 000042 email"]
[Site "FICGS email"]
[Date "2010.12.30"]
[Round "1"]
[White "Kehayov, Yulian"]
[Black "Geguchadze, Alexander"]
[Result "0-1"]
[WhiteElo "1086"]
[BlackElo "1069"]
[PlyCount "36"]
[EventDate "2010.??.??"]
[EventType "tourn (rapid)"]
[EventRounds "6"]
[SourceTitle "Corr 2013"]
[Source "ChessBase"]
[SourceDate "2012.11.12"]
[SourceVersion "1"]
[SourceVersionDate "2012.11.12"]
[SourceQuality "1"]

1. e4 c5 2. c4 Nc6 3. Nf3 d6 4. d4 cxd4 5. Nxd4 Nf6 6. Nc3 g6 7. Nxc6 bxc6 8. Bd3 Rb8 9. 0-0 Bg7 10. Qe2 Ng4 11. Qd2 Qa5 12. Qe1 Qe5 13. g3 Qh5 14. h4 Ne5 15. Qe2 Bg4 16. Qe3 Nf3+ 17. Kg2 Bd4 18. Qf4 g5 0-1

[Event "FICGS rapid E 000042 email"]
[Site "FICGS email"]
[Date "2010.12.30"]
[Round "1"]
[White "Quanter, Kirsty"]
[Black "Geguchadze, Alexander"]
[Result "1-0"]
[WhiteElo "1106"]
[BlackElo "1069"]
[PlyCount "49"]
[EventDate "2010.??.??"]
[EventType "tourn (rapid)"]
[EventRounds "6"]
[SourceTitle "Corr 2013"]
[Source "ChessBase"]
[SourceDate "2012.11.12"]
[SourceVersion "1"]
[SourceVersionDate "2012.11.12"]
[SourceQuality "1"]

1. e4 c5 2. c4 Nc6 3. Nc3 Nf6 4. Nf3 e6 5. h3 d5 6. cxd5 exd5 7. e5 Nd7 8. Bb5 d4 9. Ne4 Qc7 10. 0-0 Ncxe5 11. Re1 Be7 12. Nxe5 Qxe5 13. Ng3 Qf6 14. Nh5 Qd6 15. Nxg7+ Kd8 16. Nf5 Qb6 17. Nxe7 Qxb5 18. d3 f6 19. Qh5 Ne5 20. Qh6 Qa6 21. Qg7 Re8 22. Rxe5 Bd7 23. Re4 Qxd3 24. f3 Qa6 25. Bf4 1-0

[Event "FICGS class F 000088 email"]
[Site "FICGS email"]
[Date "2010.12.04"]
[Round "1"]
[White "Cousteix, Thierry"]
[Black "Geguchadze, Alexander"]
[Result "0-1"]
[WhiteElo "1098"]
[BlackElo "1069"]
[PlyCount "30"]
[EventDate "2010.??.??"]
[EventType "tourn (corr)"]
[EventRounds "6"]
[SourceTitle "Corr 2013"]
[Source "ChessBase"]
[SourceDate "2012.11.12"]
[SourceVersion "1"]
[SourceVersionDate "2012.11.12"]
[SourceQuality "1"]

1. Nf3 Nf6 2. d4 d5 3. c4 c6 4. Nc3 Bf5 5. Ne5 dxc4 6. e3 Nbd7 7. Nxd7 Qxd7 8. e4 Nxe4 9. Nxe4 Bxe4 10. Bxc4 Bxg2 11. Rg1 Bd5 12. Bxd5 Qxd5 13. Rg5 Qh1+ 14. Kd2 Qxh2 15. Qe2 g6 0-1

[Event "FICGS class F 000088 email"]
[Site "FICGS email"]
[Date "2010.12.04"]
[Round "1"]
[White "Marcel, Alexis"]
[Black "Geguchadze, Alexander"]
[Result "0-1"]
[WhiteElo "907"]
[BlackElo "1069"]
[PlyCount "38"]
[EventDate "2010.??.??"]
[EventType "tourn (corr)"]
[EventRounds "6"]
[SourceTitle "Corr 2013"]
[Source "ChessBase"]
[SourceDate "2012.11.12"]
[SourceVersion "1"]
[SourceVersionDate "2012.11.12"]
[SourceQuality "1"]

1. f4 d5 2. Nf3 Nf6 3. e3 c5 4. Bb5+ Bd7 5. Bxd7+ Nbxd7 6. 0-0 e6 7. b3 Bd6 8. Bb2 Rc8 9. Nc3 c4 10. Nb5 Bc5 11. Nbd4 0-0 12. Rc1 Qe7 13. h3 Ba3 14. Rb1 Bxb2 15. Rxb2 c3 16. dxc3 Rxc3 17. Qd2 Ne4 18. Qe1 Rfc8 19. Qc1 Ng3 0-1

[Event "FICGS rapid E 000037 email"]
[Site "FICGS email"]
[Date "2010.11.03"]
[Round "1"]
[White "Geguchadze, Alexander"]
[Black "Quanter, Kirsty"]
[Result "0-1"]
[WhiteElo "1069"]
[BlackElo "1106"]
[PlyCount "58"]
[EventDate "2010.??.??"]
[EventType "tourn (rapid)"]
[EventRounds "5"]
[SourceTitle "Corr 2013"]
[Source "ChessBase"]
[SourceDate "2012.11.12"]
[SourceVersion "1"]
[SourceVersionDate "2012.11.12"]
[SourceQuality "1"]

1. e4 e5 2. Nf3 Nc6 3. Bc4 f6 4. c3 a6 5. d4 b5 6. Bd5 Bb7 7. dxe5 Be7 8. 0-0 fxe5 9. Nxe5 Nxe5 10. Bxb7 Ra7 11. Bd5 Nf6 12. Qd4 c6 13. Qxa7 cxd5 14. exd5 0-0 15. Qxa6 Nfg4 16. d6 Bg5 17. f4 Nd3 18. Qxb5 Nxc1 19. g3 Qe8 20. Qd5+ Kh8 21. Qf3 Qh5 22. h4 Bxh4 23. Kg2 Bxg3 24. Kxg3 g5 25. Rh1 gxf4+ 26. Kg2 Qg6 27. Kf1 Ne3+ 28. Ke1 Nd3+ 29. Kd2 Ne5 0-1

[Event "FICGS rapid E 000037 email"]
[Site "FICGS email"]
[Date "2010.11.03"]
[Round "1"]
[White "Melquiades, Jaime I"]
[Black "Geguchadze, Alexander"]
[Result "0-1"]
[WhiteElo "980"]
[BlackElo "1069"]
[PlyCount "34"]
[EventDate "2010.??.??"]
[EventType "tourn (rapid)"]
[EventRounds "5"]
[SourceTitle "Corr 2013"]
[Source "ChessBase"]
[SourceDate "2012.11.12"]
[SourceVersion "1"]
[SourceVersionDate "2012.11.12"]
[SourceQuality "1"]

1. e4 e5 2. Nf3 Nc6 3. Bb5 Nd4 4. Nxd4 exd4 5. d3 c6 6. Bc4 Ne7 7. Qf3 d5 8. exd5 Nxd5 9. Nd2 Bb4 10. c3 dxc3 11. Ne4 cxb2+ 12. Ke2 bxa1Q 13. Ng5 Qe7+ 14. Ne4 Nc3+ 15. Ke3 Bc5+ 16. d4 Bxd4+ 17. Kd2 Nxe4+ 0-1